|
|
|
|
| LEADER |
00000nam0a2200000 4500 |
| 001 |
165017 |
| 005 |
20231031161618.0 |
| 010 |
|
|
|a 5020002208
|
| 020 |
|
|
|a RU
|b 92-17094
|
| 035 |
|
|
|a (RuTPU)RU\TPU\book\179028
|
| 090 |
|
|
|a 165017
|
| 100 |
|
|
|a 20090914d1992 k y0rusy5003 ca
|
| 101 |
0 |
|
|a rus
|
| 102 |
|
|
|a RU
|
| 105 |
|
|
|a y z 001zy
|
| 200 |
1 |
|
|a Высокотемпературная сверхпроводимость керамических систем
|f В. И. Ильичев, М. А. Савченко, А. В. Стефанович
|g Тихоокеанский океанологический институт ДВО РАН
|
| 210 |
|
|
|a Москва
|c Наука
|d 1992
|
| 215 |
|
|
|a 165,[1] с.
|c ил.
|d 22 см.
|
| 320 |
|
|
|a Библиогр.: с. 158-162 (137 назв.)
|
| 610 |
1 |
|
|a керамические системы
|
| 610 |
1 |
|
|a высокотемпературная сверхпроводимость
|
| 610 |
1 |
|
|a сегнетомагнитоупругие волны
|
| 610 |
1 |
|
|a сегнетомагнетики
|
| 610 |
1 |
|
|a спиновые волны
|
| 610 |
1 |
|
|a сегнетоантиферромагнетики
|
| 610 |
1 |
|
|a фазовые переходы
|
| 610 |
1 |
|
|a керамические материалы
|
| 610 |
1 |
|
|a керамические сверхпроводники
|
| 610 |
1 |
|
|a нелинейные явления
|
| 610 |
1 |
|
|a полимерные системы
|
| 675 |
|
|
|a 538.94
|z rus
|
| 700 |
|
1 |
|a Ильичев
|b В. И.
|g Виктор Иванович
|4 070
|
| 701 |
|
1 |
|a Савченко
|b М. А.
|g Максим Александрович
|
| 701 |
|
1 |
|a Стефанович
|b А. В.
|g Алексей Вячеславович
|
| 712 |
0 |
2 |
|a Российская академия наук (РАН)
|b Дальневосточное отделение (ДВО)
|b Тихоокеанский океанологический институт им. В. И. Ильичева (ТОИ)
|c (Владивосток)
|2 stltpush
|3 (RuTPU)RU\TPU\col\308
|
| 801 |
|
0 |
|a RU
|b RuMRKP
|c 19950417
|g psbo
|
| 801 |
|
1 |
|a RU
|b 63413507
|c 20090914
|
| 801 |
|
2 |
|a RU
|b 63413507
|c 20100628
|g RCR
|
| 942 |
|
|
|c BK
|